US states with no billionaires - Statistics

General Stats
  • This quiz has been taken 81 times
  • The average score is 6 of 8
Answer Stats
State % Correct
North Dakota
90%
Alaska
87%
Alabama
81%
Vermont
76%
West Virginia
76%
New Hampshire
71%
Delaware
63%
New Mexico
62%
No matching quizzes found
Score Distribution
Percent of People with Each Score
Percentile by Number Answered
Your Score History
You have not taken this quiz